| 000 | 01293cam a2200349 a 4500 | ||
|---|---|---|---|
| 001 | 015859894 | ||
| 003 | OSt | ||
| 005 | 20201128021244.0 | ||
| 008 | 110728t2013 enkde frb 001 0 eng d | ||
| 020 | _a9780273764557 | ||
| 020 | _a0273764551 | ||
| 040 |
_aStDuBDS _beng _cStDuBDS _dUkOxU _dUk _dEG-ScBUE |
||
| 082 | 0 | 4 |
_a620.1123 _bDOW _222 |
| 100 | 1 |
_aDowling, Norman E., _d1945- _937960 |
|
| 245 | 1 | 0 |
_aMechanical behavior of materials : _bengineering methods for deformation, fracture, and fatigue / _cNorman E. Dowling ; contributions by Katakam Siva Prasad, R. Narayanasamy. |
| 250 | _a4th ed., International ed. | ||
| 260 |
_aEssex, England : _bPearson Education, _cc.2013. |
||
| 300 |
_a954 p. : _bchart, plans ; _c23 cm. |
||
| 500 | _aIndex : p. 933-954. | ||
| 504 | _aIncludes bibliographical references. | ||
| 504 | _aBibliography : p. 920-932. | ||
| 650 | 7 |
_aMaterials. _2BUEsh _91256 |
|
| 650 | 7 |
_aMaterials _xMechanical properties. _2BUEsh _932876 |
|
| 650 | 7 |
_aMaterials _xTesting. _2BUEsh _911425 |
|
| 650 | 7 |
_aStrength of materials. _2BUEsh _910669 |
|
| 651 | _2BUEsh | ||
| 653 |
_bENGGEN _cMay2015 |
||
| 655 |
_vreading book _934232 |
||
| 700 | 1 |
_aSiva Prasad, Katakam _econtributor. _937961 |
|
| 700 | 1 |
_aNarayanasamy, R. _econtributor. _937962 |
|
| 942 |
_2ddc _k620.1123 DOW |
||
| 999 |
_c19311 _d19283 |
||